000 00545nam a2200193Ia 4500
003 OSt
005 20240513124821.0
008 210210b1994 xxu||||| |||| 00| 0 eng d
040 _cAL
041 _aKannada
082 _aK894.4 ANAA
100 _aANANTARAMA RAV (K).
_dಅನಂತರಾಮರಾವ್ (ಕೆ)
_9164276
245 _aAnanta ramayana.
_b ಅನಂತರಾಮಾಯಣ
260 _aMangaluru
_bNavaratna Pablikeshans
_c1994
300 _axiii,263
690 _aKannada Prose
_9164277
906 _a050055
942 _2ddc
_cBK
999 _c98371
_d98371